Logo BPK

Biblioteka

Politechniki Koszalińskiej

Applied time series modelling and forecasting / (Rekord nr 43500)

Szczegóły MARC
000 -ETYKIETA REKORDU
podpole kontrolne o stałej długości 00739nam a2200241 i 4500
001 - NUMER KONTROLNY REKORDU
pole kontrolne bg
020 ## - MIĘDZYNARODOWY ZNORMALIZOWANY NUMER KSIĄŻKI - ISBN
ISBN 0470844434
040 ## - ŹRÓDŁO KATALOGOWANIA
Instytucja, która utworzyła rekord BPK
041 0# - KOD JĘZYKA
Kod języka tekstu eng
080 ## - UNIWERSALNA KLASYFIKACJA DZIESIĘTNA - UKD
UKD 330.43
920 ## - Międzynarodowy znormalizowany numer książki – ISBN
ISBN 0-470-84443-4
008 - POLE O STAŁEJ DŁUGOŚCI - DANE KONTROLNE
podpole kontrolne o stałej długości s pl f |000 0 pol
100 1# - NAZWA OSOBOWA
Nazwa osobowa HARRIS, Richard
245 10 - TYTUŁ/ODPOWIEDZIALNOŚĆ
Tytuł Applied time series modelling and forecasting /
Pozostałe elementy strefy tytułu i oznaczenia odpowiedzialności Richard Harris and Robert Sollis.
260 ## - STREFA ADRESU WYDAWNICZEGO
Miejsce wydania Chichester :
Nazwa wydawcy/dystrybutora John Wiley,
Data publikacji, dystrybucji/powstania dokumentu 2003.
300 ## - STREFA OPISU FIZYCZNEGO
Objętość X, 302 s. :
Inne cechy fizyczne wykr. ;
Rozmiary 24 cm.
504 ## - UWAGA DOTYCZĄCA BIBLIOGRAFII
Informacje o bibliografii Bibliogr. - Indeks.
650 #9 - HASŁO PRZEDMIOTOWE W FORMIE NAZWY OGÓLNEJ LUB JEDNOSTKOWEJ
Nazwa ogólna lub geograficzna Ekonometria
650 #9 - HASŁO PRZEDMIOTOWE W FORMIE NAZWY OGÓLNEJ LUB JEDNOSTKOWEJ
Nazwa ogólna lub geograficzna Prognozy
Określnik ogólny metody
700 1# - HASŁO DODATKOWE - NAZWA OSOBOWA
Nazwa osobowa SOLLIS, Robert.
Określenie związku między hasłem a opisywanym materiałem Red.
856 ## - LOKALIZACJA I DOSTĘP DO ELEKTRONICZNYCH DOKUMENTÓW ZDALNYCH
Link (URL) http://koha.tu.koszalin.pl/cgi-bin/koha/opac-detail.pl?biblionumber=43500
Tekst linku Katalog online BPK
942 ## - DODATKOWE ELEMENTY (KOHA)
Typ dokumentu Książka
Egzemplarze
Wycofany Status egzemplarza Uszkodzony Dostępność Lokalizacja stała Lokalizacja bieżąca Miejsce przechowywania Sygnatura Kod kreskowy Typ dokumentu
      Tylko na miejscu Biblioteka Politechniki Koszalińskiej Biblioteka Politechniki Koszalińskiej Czytelnia Wydziałowa ul. Kwiatkowskiego 6e 69154 02046952 Książka
© 2023 Biblioteka Politechniki Koszalińskiej :: KOHA